[Event "V4 OPEN - International Championship of Slovakia 2
[Site "Banska Stiavnica"]
[Date "2013.07.08"]
[Round "3"]
[Board "82"]
[White "Jurcisin, Imrich"]
[Black "Brnusak, Andrej"]
[Result "1-0"]
[WhiteElo "2046"]
[BlackElo "1566"]
[PlyCount "83"]
[EventDate "2013.07.06"]
[EventRounds "9"]
[EventCountry "SVK"]

1. e4 e5 2. Nf3 Nc6 3. Bb5 a6 4. Ba4 Nf6 5. O-O Be7 6. Re1 b5 7. Bb3 d6 8. c3
O-O 9. h3 Na5 10. Bc2 c5 11. d4 Qc7 12. Nbd2 cxd4 13. cxd4 Nc6 14. d5 Nb4 15.
Bb1 a5 16. Nf1 Bd7 17. Bd2 Na6 18. Bc2 Nc5 19. Rc1 Qb7 20. Ng3 Bd8 21. b3 b4
22. Be3 Bb6 23. Bb1 Rac8 24. Nh4 g6 25. Bg5 Bd8 26. Qd2 Ne8 27. Bxd8 Rxd8 28.
Nhf5 Bxf5 29. exf5 Nf6 30. Rcd1 Rc8 31. h4 Rfe8 32. h5 Kf8 33. fxg6 fxg6 34.
hxg6 hxg6 35. Bxg6 Red8 36. Nf5 Ng8 37. Qg5 Nd7 38. Nxd6 Qb6 39. Nxc8 Rxc8 40.
Re3 Ndf6 41. Rxe5 Rc2 42. Bxc2 1-0

[Event "V4 OPEN - International Championship of Slovakia 2
[Site "Banska Stiavnica"]
[Date "2013.07.08"]
[Round "3"]
[Board "83"]
[White "Grega, Jaroslav"]
[Black "Hladik, Lumir"]
[Result "0-1"]
[WhiteElo "1257"]
[BlackElo "2045"]
[PlyCount "52"]
[EventDate "2013.07.06"]
[EventRounds "9"]
[EventCountry "SVK"]

1. d4 Nf6 2. c4 c5 3. d5 e6 4. Nc3 exd5 5. cxd5 d6 6. Bg5 g6 7. e3 Bg7 8. Bd3
O-O 9. Qc2 a6 10. Ne4 Qa5+ 11. Nc3 Nxd5 12. Nge2 Nxc3 13. bxc3 c4 14. Bxg6 hxg6
15. Be7 Re8 16. Bxd6 Bf5 17. Qb2 Bd3 18. Rc1 Qd5 19. Bxb8 Raxb8 20. Nf4 Qc6 21.
h4 Be5 22. Nxd3 cxd3 23. h5 Qxg2 24. Kd2 Qxf2+ 25. Kxd3 Red8+ 26. Kc4 Qxb2 0-1

[Event "V4 OPEN - International Championship of Slovakia 2
[Site "Banska Stiavnica"]
[Date "2013.07.08"]
[Round "3"]
[Board "84"]
[White "Laho, Maros"]
[Black "Hurton, Dusan"]
[Result "1-0"]
[WhiteElo "2029"]
[BlackElo "1471"]
[PlyCount "97"]
[EventDate "2013.07.06"]
[EventRounds "9"]
[EventCountry "SVK"]

1. Nf3 Nc6 2. d4 d5 3. g3 Nf6 4. Bg2 Bg4 5. O-O Bxf3 6. exf3 e6 7. b3 Bd6 8.
Bb2 Ne7 9. c4 c6 10. Nc3 O-O 11. Qe2 a6 12. c5 Bc7 13. Na4 Nf5 14. Rac1 Rb8 15.
Rfd1 Re8 16. f4 Nd7 17. Qc2 Nf6 18. Bf1 g6 19. Bd3 Ng7 20. f3 Kf8 21. Qd2 Ng8
22. Bc3 Ne7 23. b4 Nef5 24. Kf2 Kg8 25. Bf1 Rf8 26. a3 Qe7 27. Re1 Rbe8 28. Nb2
Qd8 29. a4 Qd7 30. Ra1 Ra8 31. Ra3 Rfb8 32. Rea1 Ne8 33. Qd3 Bd8 34. b5 Nc7 35.
bxc6 bxc6 36. Qd2 Bf6 37. Bh3 Ne7 38. Nd3 Ne8 39. Ne5 Qc8 40. R1a2 Bg7 41. g4
Nf6 42. Bf1 Ne8 43. Rb2 Rxb2 44. Qxb2 f6 45. Nd3 Nc7 46. Rb3 Qd7 47. Ba5 Nc8
48. Rb7 Ra7 49. Rxa7 1-0

[Event "V4 OPEN - International Championship of Slovakia 2
[Site "Banska Stiavnica"]
[Date "2013.07.08"]
[Round "3"]
[Board "85"]
[White "Topolovsky, Vincent"]
[Black "Durica, Adam"]
[Result "1-0"]
[WhiteElo "1952"]
[BlackElo "1450"]
[PlyCount "0"]
[EventDate "2013.07.06"]
[EventRounds "9"]
[EventCountry "SVK"]

1. c4 {[%clk 1:16:17]} c6 {[%clk 1:30:33]} 2. g3 {[%clk 1:16:19]} Nf6
{[%clk 1:30:43]} 3. Bg2 {[%clk 1:16:40]} d5 {[%clk 1:31:00]} 4. d4
{[%clk 1:16:27]} Bf5 {[%clk 1:30:58]} 5. Nc3 {[%clk 1:16:20]} e6 {[%clk 1:31:04]}
6. Nf3 {[%clk 1:16:06]} Nbd7 {[%clk 1:27:54]} 7. O-O {[%clk 1:15:52]} Ne4
{[%clk 1:25:33]} 8. Bd2 {[%clk 1:12:09]} Nb6 {[%clk 1:20:58]} 9. cxd5
{[%clk 1:06:10]} exd5 {[%clk 1:18:00]} 10. Nh4 {[%clk 0:57:17]} Nxd2
{[%clk 1:15:17]} 11. Qxd2 {[%clk 0:56:37]} Nc4 {[%clk 1:14:03]} 12. Qc1
{[%clk 0:55:38]} Be6 {[%clk 1:12:57]} 13. b3 {[%clk 0:49:13]} Nb6
{[%clk 1:10:53]} 14. Rd1 {[%clk 0:43:13]} Be7 {[%clk 1:09:35]} 15. Nf3
{[%clk 0:43:09]} O-O {[%clk 1:09:05]} 16. Ne5 {[%clk 0:40:19]} f6
{[%clk 1:08:23]} 17. Nd3 {[%clk 0:40:43]} f5 {[%clk 1:05:45]} 18. e3
{[%clk 0:37:16]} Nd7 {[%clk 1:04:55]} 19. Na4 {[%clk 0:35:40]} Rc8
{[%clk 1:03:25]} 20. Rd2 {[%clk 0:33:49]} b6 {[%clk 1:00:10]} 21. Rc2
{[%clk 0:31:37]} Qc7 {[%clk 1:00:09]} 22. Bf1 {[%clk 0:30:51]} Qb7
{[%clk 0:59:16]} 23. b4 {[%clk 0:25:19]} a6 {[%clk 0:57:56]} 24. a3
{[%clk 0:24:02]} Rc7 {[%clk 0:57:41]} 25. Rb1 {[%clk 0:23:05]} Rfc8
{[%clk 0:57:15]} 26. Nf4 {[%clk 0:22:51]} Bf7 {[%clk 0:55:36]} 27. Bd3
{[%clk 0:22:06]} g6 {[%clk 0:54:41]} 28. Qf1 {[%clk 0:21:53]} b5 {[%clk 0:54:44]}
29. Nc5 {[%clk 0:16:59]} Bxc5 {[%clk 0:52:02]} 30. bxc5 {[%clk 0:16:50]} Nf6
{[%clk 0:52:08]} 31. Qe1 {[%clk 0:16:35]} Ra8 {[%clk 0:48:13]} 32. Qa5
{[%clk 0:16:52]} Rcc8 {[%clk 0:48:36]} 33. Rbc1 {[%clk 0:16:55]} Rcb8
{[%clk 0:48:08]} 34. Rb2 {[%clk 0:16:13]} Qe7 {[%clk 0:44:27]} 35. Bf1
{[%clk 0:14:27]} Ne4 {[%clk 0:43:39]} 36. Nd3 {[%clk 0:14:18]} Nf6
{[%clk 0:41:33]} 37. Ne5 {[%clk 0:14:30]} Qb7 {[%clk 0:41:53]} 38. Bg2
{[%clk 0:06:39]} Nd7 {[%clk 0:40:19]} 39. Nf3 {[%clk 0:06:07]} Ra7
{[%clk 0:39:57]} 40. Nd2 {[%clk 0:05:36]} Qc7 {[%clk 0:39:54]} 41. Nb3
{[%clk 0:05:22]} Nf8 {[%clk 0:38:51]} 42. Rcb1 {[%clk 0:02:34]} Ne6
{[%clk 0:39:05]} 43. Qxc7 {[%clk 0:02:08]} Rxc7 {[%clk 0:39:12]} 44. Na5
{[%clk 0:01:20]} Nd8 {[%clk 0:38:41]} 45. Kf1 {[%clk 0:29:40]} Nb7
{[%clk 1:09:25]} 46. Nb3 {[%clk 0:29:38]} a5 {[%clk 1:09:31]} 47. Ke2
{[%clk 0:29:33]} a4 {[%clk 1:09:53]} 48. Nd2 {[%clk 0:26:42]} Na5
{[%clk 1:08:59]} 49. Rb4 {[%clk 0:25:59]} Rcb7 {[%clk 1:08:52]} 50. h4
{[%clk 0:24:45]} Re8 {[%clk 1:08:22]} 51. Kd3 {[%clk 0:24:40]} Rbb8
{[%clk 1:08:36]} 52. Kc3 {[%clk 0:24:26]} Kg7 {[%clk 1:07:07]} 53. Bf1
{[%clk 0:23:03]} Nc4 {[%clk 1:01:37]} 54. Nxc4 {[%clk 0:22:10]} dxc4
{[%clk 1:01:51]} 55. Bg2 {[%clk 0:22:15]} Rec8 {[%clk 1:01:10]} 56. d5
{[%clk 0:14:31]} Bxd5 {[%clk 1:01:31]} 57. Bxd5 {[%clk 0:14:59]} cxd5
{[%clk 1:01:51]} 58. Rxb5 {[%clk 0:15:25]} Ra8 {[%clk 1:01:54]} 59. Kd4
{[%clk 0:14:56]} Ra7 {[%clk 1:01:48]} 60. Kxd5 {[%clk 0:14:02]} Rd7+
{[%clk 1:02:11]} 61. Kxc4 {[%clk 0:14:04]} Rd2 {[%clk 1:02:02]} 62. R1b2
{[%clk 0:11:24]} Rcd8 {[%clk 1:02:23]} 63. c6 {[%clk 0:10:06]} R8d6
{[%clk 1:02:48]} 64. Rxd2 {[%clk 0:08:29]} Rxd2 {[%clk 1:03:12]} 65. Rc5
{[%clk 0:08:42]} Rxf2 {[%clk 1:03:03]} 66. c7 {[%clk 0:08:49]} Ra2
{[%clk 1:03:19]} 67. c8=Q {[%clk 0:09:00]} Rxa3 {[%clk 1:03:44]} 68. Rc7+
{[%clk 0:09:19]} Kh6 {[%clk 1:04:02]} 69. Qf8+ {[%clk 0:09:46]} Kh5
{[%clk 1:04:17]} 70. Qxa3 {[%clk 0:10:00]} h6 {[%clk 1:04:41]} 71. e4
{[%clk 0:10:15]} Kg4 {[%clk 1:04:35]} 72. exf5 {[%clk 0:10:11]} Kxf5
{[%clk 1:04:49]} 73. Qf3+ {[%clk 0:10:29]} Ke5 {[%clk 1:05:07]} 74. Qd5+
{[%clk 0:10:40]} Kf6 {[%clk 1:05:18]} 75. Rf7# {[%clk 0:10:59]} 1-0

[Event "V4 OPEN - International Championship of Slovakia 2
[Site "Banska Stiavnica"]
[Date "2013.07.08"]
[Round "3"]
[Board "86"]
[White "Rendla, Karol"]
[Black "Stanko, Ivan"]
[Result "0-1"]
[WhiteElo "1453"]
[BlackElo "1949"]
[PlyCount "112"]
[EventDate "2013.07.06"]
[EventRounds "9"]
[EventCountry "SVK"]

1. e4 c6 2. Nf3 d5 3. exd5 cxd5 4. d3 Nc6 5. c3 Nf6 6. h3 h6 7. Be3 e6 8. Nbd2
Bd6 9. d4 a6 10. Bd3 Bd7 11. b4 Qc7 12. a3 O-O 13. Nb3 b6 14. Qe2 a5 15. b5 Ne7
16. Qb2 Nf5 17. Bd2 Rac8 18. a4 Bf4 19. Rc1 Bxd2+ 20. Nbxd2 Nd6 21. O-O Nfe4
22. Nb1 Nc4 23. Qe2 f5 24. Rc2 Rf6 25. Rfc1 Be8 26. Bxc4 Qxc4 27. Qxc4 Rxc4 28.
Ra2 Rc7 29. Ne5 f4 30. f3 Nd6 31. Re1 Bg6 32. Nc6 Bf5 33. Rae2 Nc4 34. Nd2 Nb2
35. Ne4 dxe4 36. Rxb2 exf3 37. Kh2 fxg2 38. Rxg2 Bd3 39. Rf2 Bc4 40. Rc1 Bb3
41. Ra1 Bd5 42. Rc1 Bxc6 43. bxc6 Rxc6 44. Rf3 Rc4 45. Ra1 Kf7 46. Ra3 Ke7 47.
h4 g5 48. Kh3 Kd6 49. Kg4 Rf5 50. Kh5 Rc8 51. Kg4 h5+ 52. Kxh5 Rh8+ 53. Kg6 g4
54. Rf1 g3 55. Rg1 f3 56. c4 f2 0-1

[Event "V4 OPEN - International Championship of Slovakia 2
[Site "Banska Stiavnica"]
[Date "2013.07.09"]
[Round "4"]
[Board "1"]
[White "Banusz, Tamas"]
[Black "Manik, Mikulas"]
[Result "1-0"]
[WhiteElo "2588"]
[BlackElo "2412"]
[PlyCount "0"]
[EventDate "2013.07.06"]
[EventRounds "9"]
[EventCountry "SVK"]

1. Nf3 {[%clk 1:30:57]} Nf6 {[%clk 1:30:39]} 2. c4 {[%clk 1:31:22]} g6
{[%clk 1:31:02]} 3. g3 {[%clk 1:31:31]} Bg7 {[%clk 1:31:28]} 4. Bg2
{[%clk 1:31:56]} O-O {[%clk 1:31:37]} 5. O-O {[%clk 1:32:19]} c6 {[%clk 1:31:24]}
6. b3 {[%clk 1:30:40]} Ne4 {[%clk 1:28:18]} 7. d4 {[%clk 1:30:58]} d5
{[%clk 1:28:46]} 8. Bb2 {[%clk 1:30:12]} Bf5 {[%clk 1:22:55]} 9. Nbd2
{[%clk 1:27:44]} Qa5 {[%clk 1:12:42]} 10. a3 {[%clk 1:24:42]} Nd7
{[%clk 1:12:14]} 11. Rc1 {[%clk 1:21:06]} Rad8 {[%clk 1:06:25]} 12. e3
{[%clk 1:10:54]} e6 {[%clk 0:49:08]} 13. h3 {[%clk 0:59:54]} c5 {[%clk 0:39:55]}
14. cxd5 {[%clk 0:54:16]} exd5 {[%clk 0:36:10]} 15. g4 {[%clk 0:51:12]} Be6
{[%clk 0:22:16]} 16. Nxe4 {[%clk 0:45:00]} dxe4 {[%clk 0:22:40]} 17. Ng5
{[%clk 0:45:00]} Bd5 {[%clk 0:17:26]} 18. Nxe4 {[%clk 0:44:24]} cxd4
{[%clk 0:16:47]} 19. b4 {[%clk 0:41:52]} Qa6 {[%clk 0:15:25]} 20. exd4
{[%clk 0:36:46]} Nf6 {[%clk 0:13:39]} 21. Re1 {[%clk 0:31:08]} h5
{[%clk 0:12:28]} 22. Nxf6+ {[%clk 0:29:48]} Qxf6 {[%clk 0:12:32]} 23. gxh5
{[%clk 0:25:26]} Bxg2 {[%clk 0:05:22]} 24. Kxg2 {[%clk 0:25:52]} Rd5
{[%clk 0:05:32]} 25. Rc5 {[%clk 0:24:51]} Rfd8 {[%clk 0:05:10]} 26. Rxd5
{[%clk 0:19:16]} Rxd5 {[%clk 0:05:35]} 27. Re4 {[%clk 0:14:49]} gxh5
{[%clk 0:05:25]} 28. Re8+ {[%clk 0:12:49]} Bf8 {[%clk 0:03:46]} 29. Re3
{[%clk 0:11:34]} Bd6 {[%clk 0:03:17]} 30. Kf1 {[%clk 0:10:54]} Rg5
{[%clk 0:02:04]} 31. Re8+ {[%clk 0:10:02]} Bf8 {[%clk 0:02:23]} 32. Re5
{[%clk 0:09:50]} Rxe5 {[%clk 0:00:47]} 33. dxe5 {[%clk 0:10:15]} Qf5
{[%clk 0:01:17]} 34. Qb3 {[%clk 0:09:25]} Qb1+ {[%clk 0:01:41]} 35. Kg2
{[%clk 0:09:39]} Bg7 {[%clk 0:02:04]} 36. Qc3 {[%clk 0:09:33]} Qg6+
{[%clk 0:01:38]} 37. Qg3 {[%clk 0:08:49]} Qe4+ {[%clk 0:01:28]} 38. Qf3
{[%clk 0:07:46]} Qg6+ {[%clk 0:01:43]} 39. Kh2 {[%clk 0:07:43]} Qc2
{[%clk 0:01:01]} 40. Bd4 {[%clk 0:05:47]} b6 {[%clk 0:00:46]} 41. Qxh5
{[%clk 0:27:49]} Qd3 {[%clk 0:31:18]} 42. Qg4 {[%clk 0:27:44]} Kh7
{[%clk 0:31:43]} 43. e6 {[%clk 0:15:52]} Bxd4 {[%clk 0:31:36]} 44. e7
{[%clk 0:12:52]} Be5+ {[%clk 0:31:09]} 45. Kg2 {[%clk 0:12:53]} Qd5+
{[%clk 0:29:29]} 46. Qf3 {[%clk 0:12:58]} Qe6 {[%clk 0:28:17]} 47. Qh5+
{[%clk 0:12:36]} Kg7 {[%clk 0:28:42]} 48. Qg4+ {[%clk 0:12:54]} 1-0

[Event "V4 OPEN - International Championship of Slovakia 2
[Site "Banska Stiavnica"]
[Date "2013.07.09"]
[Round "4"]
[Board "3"]
[White "Michalik, Peter"]
[Black "Pinter, Erik"]
[Result "1-0"]
[WhiteElo "2579"]
[BlackElo "2364"]
[PlyCount "0"]
[EventDate "2013.07.06"]
[EventRounds "9"]
[EventCountry "SVK"]

1. d4 {[%clk 1:30:58]} d5 {[%clk 1:30:52]} 2. Nf3 {[%clk 1:31:14]} Nf6
{[%clk 1:31:12]} 3. c4 {[%clk 1:31:38]} c6 {[%clk 1:31:37]} 4. Nc3
{[%clk 1:31:11]} g6 {[%clk 1:27:10]} 5. Bf4 {[%clk 1:31:21]} Bg7 {[%clk 1:27:26]}
6. e3 {[%clk 1:31:39]} O-O {[%clk 1:27:20]} 7. Bd3 {[%clk 1:31:39]} Nbd7
{[%clk 1:18:54]} 8. cxd5 {[%clk 1:31:59]} cxd5 {[%clk 1:17:12]} 9. O-O
{[%clk 1:31:32]} a6 {[%clk 1:16:27]} 10. Qb3 {[%clk 1:30:37]} e6 {[%clk 1:12:19]}
11. Rfc1 {[%clk 1:25:17]} Qe7 {[%clk 0:55:35]} 12. a4 {[%clk 1:25:19]} Nh5
{[%clk 0:54:16]} 13. Bg5 {[%clk 1:23:27]} f6 {[%clk 0:47:58]} 14. Bh4
{[%clk 1:23:18]} g5 {[%clk 0:48:06]} 15. Qc2 {[%clk 1:22:57]} Bh6
{[%clk 0:47:52]} 16. Bg3 {[%clk 1:18:27]} Nxg3 {[%clk 0:44:08]} 17. hxg3
{[%clk 1:18:51]} f5 {[%clk 0:43:06]} 18. Ne2 {[%clk 1:12:03]} Re8
{[%clk 0:24:12]} 19. Ra3 {[%clk 1:07:52]} Bf8 {[%clk 0:22:47]} 20. Rc3
{[%clk 1:07:10]} h6 {[%clk 0:17:39]} 21. g4 {[%clk 0:58:51]} fxg4
{[%clk 0:17:47]} 22. Nh2 {[%clk 0:59:14]} Nf6 {[%clk 0:17:59]} 23. Bg6
{[%clk 0:55:33]} Rd8 {[%clk 0:18:05]} 24. Ng3 {[%clk 0:55:59]} Bd7
{[%clk 0:09:42]} 25. Bh5 {[%clk 0:48:25]} Nxh5 {[%clk 0:04:31]} 26. Nxh5
{[%clk 0:48:29]} Be8 {[%clk 0:02:37]} 27. Rc7 {[%clk 0:48:40]} Bxh5
{[%clk 0:02:39]} 28. Rxe7 {[%clk 0:49:04]} Bxe7 {[%clk 0:03:06]} 29. Qc7
{[%clk 0:48:14]} Bd6 {[%clk 0:01:56]} 30. Qxb7 {[%clk 0:48:18]} Rab8
{[%clk 0:01:07]} 31. Qxa6 {[%clk 0:48:18]} Rxb2 {[%clk 0:01:30]} 32. g3
{[%clk 0:45:53]} Kf7 {[%clk 0:01:45]} 33. Rc6 {[%clk 0:44:29]} Ke7
{[%clk 0:01:40]} 34. Rb6 {[%clk 0:44:24]} Rxb6 {[%clk 0:01:04]} 35. Qxb6
{[%clk 0:44:50]} Be8 {[%clk 0:01:27]} 36. Nxg4 {[%clk 0:44:47]} h5
{[%clk 0:01:43]} 37. Ne5 {[%clk 0:44:41]} Bxe5 {[%clk 0:01:44]} 38. dxe5
{[%clk 0:45:06]} g4 {[%clk 0:00:44]} 39. Qb7+ {[%clk 0:44:51]} Rd7
{[%clk 0:00:55]} 40. Qb4+ {[%clk 0:45:11]} Kd8 {[%clk 0:01:00]} 41. a5
{[%clk 0:45:33]} Rc7 {[%clk 0:24:28]} 42. Qb6 {[%clk 1:16:09]} Bc6
{[%clk 0:09:56]} 43. a6 {[%clk 1:16:22]} d4 {[%clk 0:06:27]} 44. Qxd4+
{[%clk 1:14:41]} Kc8 {[%clk 0:06:50]} 45. e4 {[%clk 1:14:57]} Ba8
{[%clk 0:06:20]} 46. f4 {[%clk 1:14:32]} gxf3 {[%clk 0:06:41]} 47. Kf2
{[%clk 1:14:59]} Rc6 {[%clk 0:05:10]} 48. Qa4 {[%clk 1:14:47]} Kb8
{[%clk 0:03:51]} 49. Kxf3 {[%clk 1:14:52]} Ka7 {[%clk 0:04:08]} 50. Kf4
{[%clk 1:14:32]} Rxa6 {[%clk 0:03:18]} 51. Qd4+ {[%clk 1:14:04]} Kb8
{[%clk 0:02:23]} 52. Kg5 {[%clk 1:14:25]} Kc8 {[%clk 0:00:33]} 53. Kxh5
{[%clk 1:14:37]} Bc6 {[%clk 0:00:57]} 54. g4 {[%clk 1:14:14]} Bd7
{[%clk 0:00:31]} 55. g5 {[%clk 1:14:24]} Kd8 {[%clk 0:00:31]} 56. g6
{[%clk 1:14:33]} Ra2 {[%clk 0:00:47]} 57. g7 {[%clk 1:14:34]} Rg2
{[%clk 0:00:46]} 58. Qb6+ {[%clk 1:14:16]} Ke7 {[%clk 0:00:31]} 59. Qd6+
{[%clk 1:14:08]} Kd8 {[%clk 0:00:54]} 60. Qf8+ {[%clk 1:14:26]} 1-0

[Event "V4 OPEN - International Championship of Slovakia 2
[Site "Banska Stiavnica"]
[Date "2013.07.09"]
[Round "4"]
[Board "4"]
[White "Macak, Stefan"]
[Black "Likavsky, Tomas"]
[Result "0-1"]
[WhiteElo "2374"]
[BlackElo "2458"]
[PlyCount "0"]
[EventDate "2013.07.06"]
[EventRounds "9"]
[EventCountry "SVK"]

1. e4 {[%clk 1:30:56]} c5 {[%clk 1:27:14]} 2. Nf3 {[%clk 1:31:23]} d6
{[%clk 1:27:30]} 3. d4 {[%clk 1:31:49]} cxd4 {[%clk 1:27:56]} 4. Nxd4
{[%clk 1:32:15]} Nf6 {[%clk 1:28:22]} 5. Nc3 {[%clk 1:32:41]} Nc6
{[%clk 1:28:46]} 6. Bc4 {[%clk 1:32:46]} e6 {[%clk 1:29:04]} 7. Be3
{[%clk 1:32:29]} a6 {[%clk 1:29:28]} 8. Bb3 {[%clk 1:32:20]} Na5 {[%clk 1:29:36]}
9. Qe2 {[%clk 1:29:32]} b5 {[%clk 1:29:08]} 10. O-O-O {[%clk 1:26:04]} b4
{[%clk 1:23:25]} 11. Na4 {[%clk 1:23:14]} Nxe4 {[%clk 1:23:11]} 12. Kb1
{[%clk 1:19:47]} Nxb3 {[%clk 1:16:15]} 13. Nxb3 {[%clk 1:17:57]} Nf6
{[%clk 1:10:58]} 14. Nb6 {[%clk 1:02:11]} Rb8 {[%clk 1:10:33]} 15. Nxc8
{[%clk 1:00:03]} Qxc8 {[%clk 1:07:42]} 16. Bg5 {[%clk 0:57:15]} Rb5
{[%clk 0:56:56]} 17. Bxf6 {[%clk 0:47:14]} gxf6 {[%clk 0:56:56]} 18. f4
{[%clk 0:47:21]} h5 {[%clk 0:54:35]} 19. Rhe1 {[%clk 0:44:15]} f5
{[%clk 0:47:11]} 20. Nd4 {[%clk 0:29:29]} Rd5 {[%clk 0:40:34]} 21. Rd3
{[%clk 0:28:05]} Rh6 {[%clk 0:39:45]} 22. Qf3 {[%clk 0:25:10]} Rc5
{[%clk 0:38:21]} 23. Rb3 {[%clk 0:21:40]} a5 {[%clk 0:34:48]} 24. a3
{[%clk 0:20:56]} bxa3 {[%clk 0:31:36]} 25. Rxa3 {[%clk 0:20:58]} Bg7
{[%clk 0:24:29]} 26. c3 {[%clk 0:17:12]} Bxd4 {[%clk 0:21:32]} 27. cxd4
{[%clk 0:17:41]} Rb5 {[%clk 0:21:47]} 28. Rc1 {[%clk 0:14:58]} Qb7
{[%clk 0:17:01]} 29. Qxb7 {[%clk 0:14:01]} Rxb7 {[%clk 0:17:29]} 30. Rxa5
{[%clk 0:14:16]} Rg6 {[%clk 0:17:05]} 31. Rc2 {[%clk 0:12:21]} Rg4
{[%clk 0:17:19]} 32. g3 {[%clk 0:11:34]} h4 {[%clk 0:16:02]} 33. Ra3
{[%clk 0:10:43]} d5 {[%clk 0:15:42]} 34. Rac3 {[%clk 0:10:30]} Kf8
{[%clk 0:15:20]} 35. b3 {[%clk 0:10:11]} Kg7 {[%clk 0:13:20]} 36. Kb2
{[%clk 0:10:02]} Kf6 {[%clk 0:13:41]} 37. Rd3 {[%clk 0:08:01]} Rg8
{[%clk 0:13:34]} 38. Rc5 {[%clk 0:05:58]} Rh8 {[%clk 0:06:58]} 39. Ra5
{[%clk 0:05:23]} Kg6 {[%clk 0:06:51]} 40. Ka3 {[%clk 0:02:18]} Kh5
{[%clk 0:02:02]} 41. h3 {[%clk 0:09:14]} hxg3 {[%clk 0:29:19]} 42. Rxg3
{[%clk 0:09:38]} Kh4 {[%clk 0:29:28]} 43. Rf3 {[%clk 0:09:20]} Rg8
{[%clk 0:21:55]} 44. Rc5 {[%clk 0:09:50]} Ra8+ {[%clk 0:21:34]} 45. Kb2
{[%clk 0:10:17]} Rba7 {[%clk 0:21:49]} 46. Kc3 {[%clk 0:08:51]} Ra1
{[%clk 0:11:48]} 47. Kb4 {[%clk 0:09:08]} Rh1 {[%clk 0:05:52]} 48. Rcc3
{[%clk 0:08:34]} Re1 {[%clk 0:04:36]} 49. Kc5 {[%clk 0:07:21]} Re4
{[%clk 0:04:10]} 50. Rcd3 {[%clk 0:02:42]} Kh5 {[%clk 0:03:19]} 51. b4
{[%clk 0:02:31]} Rc8+ {[%clk 0:03:08]} 52. Kd6 {[%clk 0:02:40]} Rb8
{[%clk 0:03:18]} 53. Rb3 {[%clk 0:02:18]} Rxd4 {[%clk 0:03:10]} 54. b5
{[%clk 0:02:31]} Rc4 {[%clk 0:03:24]} 55. b6 {[%clk 0:02:28]} Rb7
{[%clk 0:03:14]} 56. Rb5 {[%clk 0:01:56]} Rc8 {[%clk 0:02:21]} 57. Ra3
{[%clk 0:01:11]} d4 {[%clk 0:01:15]} 58. Rbb3 {[%clk 0:00:58]} Rd8+
{[%clk 0:01:01]} 59. Kc6 {[%clk 0:01:12]} Rbb8 {[%clk 0:01:12]} 60. b7
{[%clk 0:01:00]} f6 {[%clk 0:01:26]} 61. Kc7 {[%clk 0:00:35]} e5 {[%clk 0:00:57]}
62. fxe5 {[%clk 0:00:50]} fxe5 {[%clk 0:01:21]} 63. Ra5 {[%clk 0:00:52]} Re8
{[%clk 0:01:42]} 64. Rbb5 {[%clk 0:00:42]} e4 {[%clk 0:01:47]} 65. Rxf5+
{[%clk 0:00:47]} Kh4 {[%clk 0:02:03]} 66. Rfe5 {[%clk 0:00:31]} e3
{[%clk 0:02:22]} 67. Rh5+ {[%clk 0:00:31]} Kg3 {[%clk 0:02:44]} 68. Rhg5+
{[%clk 0:00:51]} Kf3 {[%clk 0:02:27]} 69. Raf5+ {[%clk 0:00:54]} Ke4
{[%clk 0:02:11]} 70. Re5+ {[%clk 0:00:40]} Kd3 {[%clk 0:02:03]} 71. Rxe8
{[%clk 0:00:51]} Rxe8 {[%clk 0:02:27]} 72. b8=Q {[%clk 0:00:34]} Rxb8
{[%clk 0:02:51]} 73. Kxb8 {[%clk 0:01:04]} Ke4 {[%clk 0:02:53]} 74. Rg8
{[%clk 0:00:32]} d3 {[%clk 0:03:12]} 75. h4 {[%clk 0:00:32]} d2 {[%clk 0:03:16]}
76. Rd8 {[%clk 0:00:34]} e2 {[%clk 0:03:22]} 77. Rxd2 {[%clk 0:00:59]} e1=Q
{[%clk 0:03:48]} 78. Rb2 {[%clk 0:00:33]} Kd5 {[%clk 0:04:07]} 79. Rb7
{[%clk